000 003210000a22001330004500
041 0 _aSPA
082 0 4 _aG 863 B462p
100 1 _aBenedetti, Mario (1920-)
245 1 0 _aPrimavera con una esquina rota / Mario Benedetti
260 _aMontevideo, Uruguay : Nueva Imagen
300 _a208 Pag
001 11012
942 _cBK
999 _c40385
_d40385